| 000 | 00698nam a2200217 4500 | ||
|---|---|---|---|
| 999 |
_c14817 _d14817 |
||
| 003 | MIRAKIL | ||
| 005 | 20220223154917.0 | ||
| 008 | 220223b tu ||||| |||| 00| 0 tur d | ||
| 020 | _a9786053963738 | ||
| 040 |
_aTR-AnCHP _cTR-AnCHP |
||
| 041 | _atur | ||
| 082 |
_a945.8004395 _bŞ23s 2016 |
||
| 100 | _aŞahin, Seyhun | ||
| 245 | 1 | 0 |
_aSicilya'da Normanlar ve Müslümanlar / _cSeyhun Şahin. |
| 260 |
_aİstanbul : _bArkeoloji ve Sanat Yayınları , _c2016. |
||
| 300 |
_axvi, 341 s. : _bres., hrt. ; _c21 sm. |
||
| 504 | _aKaynakça ve dizin vardır. | ||
| 651 | 0 |
_96996 _aSicilya (İtalya) _xNormanlar _yTarih |
|
| 651 | 0 |
_96996 _aSicilya (İtalya) _xMüslümanlar _yTarih |
|
| 942 |
_2ddc _cBKS |
||